[Event "World Youth U16 Olympiad"]
[Site "Gyor HUN"]
[Date "2014.12.21"]
[Round "10.23"]
[Board "4"]
[White "De, Bruyn Aleida"]
[Black "Choi, Hyunhyo"]
[Result "1-0"]
[WhiteTitle "WFM"]
[WhiteElo "1607"]
[BlackElo "1399"]
[WhiteTeam "South Africa (Girls)"]
[BlackTeam "South Korea 1"]
[WhiteFideId "14304546"]
[BlackFideId "13203185"]
[EventDate "2014.12.13"]

1. c4 e5 2. Nc3 Nf6 3. g3 d5 4. cxd5 Nxd5 5. Bg2 Nb6 6. d3 Be7 7. Nf3 Nc6 8. Be3
Be6 9. Rc1 O-O 10. O-O Nd5 11. Nxd5 Bxd5 12. a3 Rc8 13. Bc5 Re8 14. b4 f5 15.
Bxe7 Qxe7 16. Nd2 Bxg2 17. Kxg2 Nd4 18. Nb3 Nxb3 19. Qxb3+ Qe6 20. Qc2 Qg6 21.
Qc5 b6 22. Qc6 Qf7 23. Rc2 Red8 24. Rfc1 Kh8 25. Qb7 Qf8 26. Rxc7 Ra8 27. Rf7
Qg8 28. Rcc7 Rdb8 29. Rxg7 Rxb7 30. Rxg8+ Kxg8 31. Rxb7 h6 32. Re7 e4 33. dxe4
fxe4 34. Rxe4 Kg7 35. Re6 Kh7 36. f4 h5 37. Kh3 1-0

[Event "World Youth U16 Olympiad"]
[Site "Gyor HUN"]
[Date "2014.12.21"]
[Round "10.24"]
[Board "1"]
[White "Giczi, Alexandra Laura"]
[Black "Rebaz, Nasir Jamal"]
[Result "0-1"]
[WhiteElo "1424"]
[BlackElo "1719"]
[WhiteTeam "Transdanubium 3"]
[BlackTeam "Iraq"]
[WhiteFideId "763780"]
[BlackFideId "4808649"]
[EventDate "2014.12.13"]

1. e4 c5 2. Nf3 d6 3. d4 cxd4 4. Nxd4 Nf6 5. Nc3 a6 6. Be3 e5 7. Nb3 Be6 8. Be2
Nbd7 9. Qd2 b5 10. a3 Nb6 11. Bxb6 Qxb6 12. O-O Be7 13. Qg5 O-O 14. h4 Qa7 15.
Qg3 h6 16. Kh1 Qb7 17. f3 Nh5 18. Qh2 f5 19. g4 fxg4 20. fxg4 Nf4 21. Bf3 g5 22.
h5 Rac8 23. Rad1 Qd7 24. Nd5 Nxd5 25. exd5 Bxg4 26. Bxg4 Qxg4 27. Rg1 Qf3+ 28.
Qg2 Qxh5+ 29. Qh2 Qf3+ 30. Qg2 Rxc2 31. Qxf3 Rxf3 32. Nd2 Rh3+ 33. Kg2 Rd3 34.
Rh1 Rdxd2+ 35. Rxd2 Rxd2+ 36. Kf3 Kg7 37. Rc1 Rxb2 38. Rc7 Kf6 39. Kg4 Rb3 40.
Kh5 Rxa3 41. Ra7 Ra4 42. Ra8 Rh4# 0-1

[Event "World Youth U16 Olympiad"]
[Site "Gyor HUN"]
[Date "2014.12.21"]
[Round "10.24"]
[Board "2"]
[White "Rabeea, Sabah Nori"]
[Black "Juhasz, Judit"]
[Result "1-0"]
[WhiteTitle "FM"]
[WhiteElo "1944"]
[BlackElo "1668"]
[WhiteTeam "Iraq"]
[BlackTeam "Transdanubium 3"]
[WhiteFideId "4806212"]
[BlackFideId "768499"]
[EventDate "2014.12.13"]

1. d4 d5 2. c4 e6 3. Nf3 Nf6 4. e3 Bb4+ 5. Bd2 Be7 6. Bd3 O-O 7. Bc3 b6 8. Nbd2
Bb7 9. O-O Nbd7 10. Qc2 h6 11. e4 c5 12. Rfe1 Rc8 13. e5 Ne8 14. Qd1 cxd4 15.
Nxd4 Nc5 16. Bc2 Nc7 17. Qg4 Re8 18. Re3 Bf8 19. Rh3 Kh8 20. N4f3 Be7 21. Qf4
Kg8 22. Rxh6 gxh6 23. Qxh6 Ne4 24. Nxe4 dxe4 25. Rd1 Qxd1+ 26. Bxd1 exf3 27. Bc2
Bg5 28. Qxg5+ Kf8 29. Bb4+ 1-0

[Event "World Youth U16 Olympiad"]
[Site "Gyor HUN"]
[Date "2014.12.21"]
[Round "10.24"]
[Board "3"]
[White "Gaal, Zsoka"]
[Black "Noori, Sabah Nori"]
[Result "0-1"]
[WhiteElo "1319"]
[BlackElo "1891"]
[WhiteTeam "Transdanubium 3"]
[BlackTeam "Iraq"]
[WhiteFideId "777765"]
[BlackFideId "4806620"]
[EventDate "2014.12.13"]

1. Nf3 d5 2. d4 Nf6 3. g3 Bf5 4. Bg2 e6 5. O-O Be7 6. b3 Nbd7 7. Bb2 O-O 8. Nbd2
c5 9. dxc5 Nxc5 10. c4 Rc8 11. Nd4 Bg6 12. Rc1 Nce4 13. cxd5 Rxc1 14. Qxc1 exd5
15. Nxe4 dxe4 16. Rd1 Qa5 17. a3 Rd8 18. b4 Qb6 19. e3 Ng4 20. Qc2 f5 21. Rc1
Ne5 22. Qc3 Bf6 23. Qb3+ Bf7 24. Qc2 Nd3 25. Rd1 a5 26. b5 a4 27. Rb1 Nxb2 28.
Rxb2 Bxd4 29. exd4 Qxd4 30. Rb1 Bb3 31. Qc7 Rd7 32. Qc8+ Kf7 33. Rc1 Qd6 34. Bf1
Be6 35. Bc4 Kf6 36. Bxe6 Qxe6 37. Qf8+ Kg6 38. h4 e3 39. Qc5 e2 40. Re1 Rd1 41.
Qc3 Rxe1+ 42. Qxe1 Qe4 43. Kh2 Qd3 44. Qc1 h6 45. Qc8 e1=Q 46. h5+ Kh7 0-1

[Event "World Youth U16 Olympiad"]
[Site "Gyor HUN"]
[Date "2014.12.21"]
[Round "10.24"]
[Board "4"]
[White "Ameer, Dhafer Abdulameer"]
[Black "Lendvai, Oliver"]
[Result "0-1"]
[WhiteTitle "CM"]
[WhiteElo "1469"]
[BlackElo "1248"]
[WhiteTeam "Iraq"]
[BlackTeam "Transdanubium 3"]
[WhiteFideId "4807537"]
[BlackFideId "768758"]
[EventDate "2014.12.13"]

1. e4 c5 2. Nf3 Nc6 3. d4 cxd4 4. Nxd4 g6 5. Nc3 Bg7 6. Ndb5 a6 7. Na3 Nf6 8.
Be2 O-O 9. O-O d6 10. Be3 b5 11. Nab1 Bb7 12. f3 Ne5 13. Nd2 Rc8 14. Nb3 Qd7 15.
a3 Rfd8 16. Bb6 Rf8 17. Bd3 Qc6 18. Be3 Rfd8 19. Na5 Qc7 20. Nxb7 Qxb7 21. Qe2
Nfd7 22. Bd4 Nxd3 23. Qxd3 Nc5 24. Qe3 Bf8 25. e5 Ne6 26. exd6 Nxd4 27. Qxd4
Rxd6 28. Qe3 Bg7 29. Ne4 Bd4 30. Nxd6 Bxe3+ 0-1

[Event "World Youth U16 Olympiad"]
[Site "Gyor HUN"]
[Date "2014.12.21"]
[Round "10.26"]
[Board "1"]
[White "Egyed, Viktoria"]
[Black "Shi, Diwen"]
[Result "0-1"]
[BlackTitle "CM"]
[WhiteElo "1990"]
[BlackElo "2147"]
[WhiteTeam "Hungary (Girls)"]
[BlackTeam "Canada 3"]
[WhiteFideId "741450"]
[BlackFideId "2609886"]
[EventDate "2014.12.13"]

1. e4 c5 2. c3 Nf6 3. e5 Nd5 4. d4 cxd4 5. cxd4 e6 6. Nf3 Nc6 7. Bc4 d6 8. O-O
Be7 9. Re1 O-O 10. a3 Bd7 11. Nbd2 Qc7 12. Bd3 Nf4 13. Bb1 dxe5 14. dxe5 Ng6 15.
Qc2 Rac8 16. Qe4 Ncxe5 17. Nxe5 Qxe5 18. Qxe5 Nxe5 19. Bxh7+ Kxh7 20. Rxe5 Bf6
21. Re1 Rc2 22. Rb1 Bd4 23. Ne4 Bc6 24. Be3 Bxb2 25. Ng5+ Kg8 26. Bxa7 Bxa3 27.
h4 Rc4 28. g3 Ra8 29. Bb6 Be7 30. Nh3 Rg4 31. Kh2 Ra3 32. Rg1 e5 33. Ra1 Rga4
34. Rae1 f6 35. Rb1 Rd3 36. Rgc1 Rd5 37. Kg1 Kf7 38. Kf1 Ra6 39. Be3 b5 40. Ng1
b4 41. Ne2 Bb5 42. Ke1 Ra2 43. Ng1 Bd3 44. Ra1 Rxa1 45. Rxa1 b3 46. Bc1 Bb4+ 47.
Bd2 b2 0-1

[Event "World Youth U16 Olympiad"]
[Site "Gyor HUN"]
[Date "2014.12.21"]
[Round "10.26"]
[Board "2"]
[White "Song, Guannan Terry"]
[Black "Simon, Lili"]
[Result "1/2-1/2"]
[WhiteElo "2004"]
[BlackElo "1901"]
[WhiteTeam "Canada 3"]
[BlackTeam "Hungary (Girls)"]
[WhiteFideId "2614189"]
[BlackFideId "712159"]
[EventDate "2014.12.13"]

1. e4 e5 2. Nf3 Nc6 3. Bc4 Bc5 4. c3 Nf6 5. d3 d6 6. Bb3 a6 7. h3 Ba7 8. Nbd2
Ne7 9. Nf1 O-O 10. Ne3 Ng6 11. g3 c6 12. Nf5 d5 13. Qe2 Bxf5 14. exf5 Ne7 15.
Nxe5 Nxf5 16. g4 Nd6 17. d4 Nfe4 18. Be3 Qc7 19. O-O-O b5 20. Qd3 Nc4 21. Bxc4
bxc4 22. Nxc4 dxc4 23. Qxe4 Qa5 24. a3 Qb5 25. Bf4 Bb8 26. Rhe1 Bxf4+ 27. Qxf4
Rab8 28. Rd2 Rb7 29. Re5 Qb3 30. Rde2 Qa2 31. Qe4 g6 32. Qb1 Qb3 33. Qc2 Qa2 34.
Qb1 Qb3 35. Re8 Rxe8 36. Rxe8+ Kg7 37. Qc2 Qa2 38. g5 Rb5 39. Re5 Rd5 40. h4 h6
41. gxh6+ Kxh6 42. Qd2+ Kg7 43. h5 Qa1+ 44. Kc2 Rxe5 45. dxe5 Qh1 46. hxg6 Qe4+
47. Kc1 Qh1+ 48. Kc2 Qe4+ 49. Kc1 Qh1+ 50. Kc2 Qe4+ 51. Kd1 Qb1+ 52. Ke2 Qe4+
53. Qe3 Qc2+ 54. Kf3 Qf5+ 55. Qf4 Qh3+ 56. Qg3 Qh1+ 57. Qg2 Qh5+ 58. Qg4 Qh1+
59. Ke2 fxg6 60. Qxc4 Qh5+ 61. Kd2 Qf3 62. Qe2 Qd5+ 63. Kc2 Kf7 64. e6+ Ke7 65.
Qe3 a5 66. a4 Qf5+ 67. Kc1 g5 68. f3 Qd5 69. Qe4 Qc5 70. Kb1 Qg1+ 71. Ka2 Qc5
72. Kb3 Qb6+ 73. Ka2 Qc5 74. Qg6 Qc4+ 75. b3 Qxc3 76. Qxg5+ Kxe6 77. Qg4+ Kd6
78. Qf4+ Kd7 79. Qf7+ Kd6 80. Qg6+ Kd7 81. Qf5+ Kd6 82. Qf4+ Kd7 83. Qf7+ Kd6
84. Kb1 Qe1+ 85. Kc2 Qe2+ 86. Kc3 Qe3+ 87. Kc2 Qe2+ 88. Kc3 Qe3+ 89. Kc4 Qe2+ 1/2-1/2

[Event "World Youth U16 Olympiad"]
[Site "Gyor HUN"]
[Date "2014.12.21"]
[Round "10.26"]
[Board "4"]
[White "Cai, Jason"]
[Black "Olle, Rebeka Sara"]
[Result "1-0"]
[WhiteElo "1962"]
[BlackElo "1827"]
[WhiteTeam "Canada 3"]
[BlackTeam "Hungary (Girls)"]
[WhiteFideId "2618133"]
[BlackFideId "767018"]
[EventDate "2014.12.13"]

1. e4 c5 2. Nc3 e6 3. f4 d5 4. Nf3 Nc6 5. Bb5 Ne7 6. exd5 Nxd5 7. O-O Be7 8. Ne5
Bd7 9. Bxc6 Bxc6 10. Nxc6 bxc6 11. Ne4 O-O 12. Kh1 Qd7 13. b3 Nf6 14. Ng3 Rad8
15. Qf3 Nd5 16. a3 f5 17. Bb2 Bf6 18. Bxf6 Nxf6 19. Rad1 Rfe8 20. Qc3 Qd5 21. d3
Ng4 22. Rde1 Qd4 23. Qd2 a5 24. h3 Nf6 25. Qxa5 Ra8 26. Qc7 Rac8 27. Qe5 Ra8 28.
a4 Nd5 29. Qxd4 cxd4 30. Re5 Ne3 31. Rc1 Nd5 32. Ne2 c5 33. g3 Rac8 34. Ng1 Kf7
35. Nf3 h6 36. Kg2 Ne3+ 37. Kf2 Ke7 38. c3 Kd6 39. cxd4 cxd4 40. Rxc8 Rxc8 41.
Nxd4 Nd1+ 42. Ke1 Nb2 43. Kd2 1-0

[Event "World Youth U16 Olympiad"]
[Site "Gyor HUN"]
[Date "2014.12.21"]
[Round "10.27"]
[Board "1"]
[White "Loay, Sameer"]
[Black "Koo, Inmo"]
[Result "1-0"]
[WhiteElo "1802"]
[BlackElo "1846"]
[WhiteTeam "Jordan"]
[BlackTeam "South Korea 2"]
[WhiteFideId "8104239"]
[BlackFideId "13202863"]
[EventDate "2014.12.13"]

1. e4 e5 2. Bc4 Nf6 3. d3 Nc6 4. Nf3 Bc5 5. O-O d6 6. c3 O-O 7. Nbd2 Be6 8. Bb3
Qd7 9. Nc4 Bxc4 10. Bxc4 Na5 11. Bb3 Nxb3 12. axb3 h6 13. h3 Rfe8 14. Nh4 a6 15.
Qf3 Rad8 16. Bxh6 Nxe4 17. dxe4 gxh6 18. Nf5 Kh7 19. Qh5 Re6 20. Rad1 Rg8 21.
Rd3 Reg6 22. g3 Qe6 23. Rf3 Rg5 24. Qh4 R8g6 25. Nxh6 1-0

[Event "World Youth U16 Olympiad"]
[Site "Gyor HUN"]
[Date "2014.12.21"]
[Round "10.27"]
[Board "2"]
[White "Huh, Maximilian Romeo Eunhong"]
[Black "Al-Bashayra, Yazan"]
[Result "0-1"]
[WhiteElo "1231"]
[BlackElo "1780"]
[WhiteTeam "South Korea 2"]
[BlackTeam "Jordan"]
[WhiteFideId "13203193"]
[BlackFideId "8103879"]
[EventDate "2014.12.13"]

1. e4 e5 2. Nf3 Nc6 3. Nc3 Nf6 4. d4 exd4 5. Nxd4 d6 6. Bb5 Bd7 7. O-O Be7 8.
Bf4 O-O 9. Nxc6 Bxc6 10. Bxc6 bxc6 11. Qf3 Rb8 12. b3 Re8 13. Rad1 Nd7 14. Rfe1
Bf6 15. Ne2 Re6 16. Nd4 Bxd4 17. Rxd4 Qe7 18. c4 Re8 0-1

[Event "World Youth U16 Olympiad"]
[Site "Gyor HUN"]
[Date "2014.12.21"]
[Round "10.27"]
[Board "4"]
[White "Lee, Jeeho"]
[Black "Thaer, Abu Alhaija"]
[Result "0-1"]
[WhiteElo "1162"]
[BlackElo "1487"]
[WhiteTeam "South Korea 2"]
[BlackTeam "Jordan"]
[WhiteFideId "13203231"]
[BlackFideId "8106215"]
[EventDate "2014.12.13"]

1. e4 e5 2. Nf3 Nc6 3. Nc3 g6 4. d4 exd4 5. Nxd4 Bg7 6. Nxc6 bxc6 7. Bd3 d6 8.
O-O Nf6 9. Bg5 h6 10. Bf4 O-O 11. Re1 Re8 12. e5 Nh5 13. Qf3 Nxf4 14. Qxf4 dxe5
15. Qf3 Bd7 16. Be4 f5 17. Bxc6 Bxc6 18. Qxc6 Qd6 19. Qc4+ Kh7 20. Rad1 Qe7 21.
Nd5 Qe6 22. Qxc7 Red8 23. Qa5 Qd6 24. h3 Rac8 25. Nc3 Qb6 26. Qxb6 axb6 27. Rxd8
Rxd8 28. Rd1 Rd4 29. Kf1 g5 30. Ke2 h5 31. Rxd4 exd4 32. Nb5 d3+ 33. cxd3 Bxb2
34. Ke3 Kg6 35. f4 Bc1+ 36. Kf3 Bxf4 37. g3 Bd2 38. Ke2 Bb4 39. Ke3 h4 40. gxh4
gxh4 41. Kf4 Kf6 42. d4 Bd2+ 43. Kf3 f4 44. Kg4 Kg6 45. Nd6 Be1 46. Kxf4 Bg3+
47. Kg4 Bxd6 48. Kxh4 Kf5 49. d5 Ke5 50. Kg4 Kxd5 51. h4 Be5 52. h5 Kc4 53. Kf5
Bh8 54. Ke6 b5 55. a3 Kb3 56. Kd5 Kxa3 0-1